[Event "1. Bundesliga 2017/2018"]
[Site "Maria Enzersdorf"]
[Date "2017.11.18"]
[Round "3"]
[Board "1"]
[White "Schneider, Ilja"]
[Black "Bindrich, Falko"]
[Result "1/2-1/2"]
[WhiteElo "2513"]
[BlackElo "2588"]
[PlyCount "51"]
[EventDate "2017.11.16"]
[EventType "team"]
[EventRounds "11"]
[EventCountry "AUT"]
[WhiteTeam "ASVOE Wulkaprodersdorf"]
[BlackTeam "SK Hohenems"]

1.d4 d5 2.c4 e6 3.Nf3 Nf6 4.g3 Bb4+ 5.Bd2 Be7 6.Bg2 O-O 7.O-O c6 8.Bf4 Nbd7 9.Qc2
b6 10.Nc3 dxc4 11.Nd2 Nd5 12.Nxc4 Nxf4 13.gxf4 Bb7 14.Rfd1 Qc7 15.e3 Rad8 16.Rac1
c5 17.d5 exd5 18.Nxd5 Bxd5 19.Rxd5 b5 20.Ne5 Nxe5 21.Rxe5 Bd6 22.Rd5 Be7 23.Re5 Bd6
24.Rd5 Be7 25.Re5 Bd6 26.Rd5  1/2-1/2

[Event "1. Bundesliga 2017/2018"]
[Site "Maria Enzersdorf"]
[Date "2017.11.18"]
[Round "3"]
[Board "2"]
[White "Martinovic, Sasa"]
[Black "Nagy, Gabor"]
[Result "1-0"]
[WhiteElo "2594"]
[BlackElo "2481"]
[PlyCount "81"]
[EventDate "2017.11.16"]
[EventType "team"]
[EventRounds "11"]
[EventCountry "AUT"]
[WhiteTeam "SK Hohenems"]
[BlackTeam "ASVOE Wulkaprodersdorf"]

1.d4 Nf6 2.c4 g6 3.Nc3 Bg7 4.e4 d6 5.h3 O-O 6.Nf3 c5 7.d5 a6 8.Bd3 b5 9.O-O bxc4 10.Bxc4
Nbd7 11.Re1 Ne8 12.Bf4 Rb8 13.Qd2 Qa5 14.Rab1 Rb4 15.Bf1 e5 16.a3 Rb8 17.Be3 f5 18.b4
cxb4 19.axb4 Rxb4 20.Na2 Ra4 21.Qxa5 Rxa5 22.Nb4 Nef6 23.exf5 gxf5 24.Nc6 Ra4 25.Ne7+
Kh8 26.Rec1 f4 27.Ba7 Nc5 28.Bxc5 dxc5 29.Rxc5 e4 30.Rxc8 Rxc8 31.Nxc8 exf3 32.Rb8
Nd7 33.Ra8 Ra1 34.Nb6+ Nf8 35.d6 fxg2 36.Kxg2 f3+ 37.Kxf3 Rxf1 38.d7 Rd1 39.d8=Q Rxd8
40.Rxd8 Kg8 41.Nd7  1-0

[Event "1. Bundesliga 2017/2018"]
[Site "Maria Enzersdorf"]
[Date "2017.11.18"]
[Round "3"]
[Board "3"]
[White "Yankelevich, Lev"]
[Black "Baldauf, Marco"]
[Result "1/2-1/2"]
[WhiteElo "2411"]
[BlackElo "2481"]
[PlyCount "97"]
[EventDate "2017.11.16"]
[EventType "team"]
[EventRounds "11"]
[EventCountry "AUT"]
[WhiteTeam "ASVOE Wulkaprodersdorf"]
[BlackTeam "SK Hohenems"]

1.f4 d5 2.Nf3 g6 3.g3 Bg7 4.Bg2 c5 5.O-O Nf6 6.d3 Nc6 7.c3 O-O 8.a4 b6 9.Na3 Bb7 10.Rb1
d4 11.e4 dxe3 12.Nc4 Nd5 13.Qe2 Qd7 14.Bxe3 Nxe3 15.Qxe3 Rad8 16.Rbd1 e6 17.Rfe1 Qc7
18.Qe2 Rfe8 19.Nfe5 Nxe5 20.Nxe5 Bxg2 21.Kxg2 Rd5 22.h4 Red8 23.Ng4 Qd7 24.a5 Rxd3
25.Rxd3 Qxd3 26.Qxd3 Rxd3 27.axb6 axb6 28.Ra1 h5 29.Ra8+ Kh7 30.Nf2 Rd2 31.Kf3 Rxb2
32.Ne4 Bxc3 33.Ng5+ Kg7 34.Ra7 Bd4 35.Nxf7 Rf2+ 36.Ke4 Re2+ 37.Kf3 Rf2+ 38.Ke4 Re2+
39.Kf3 Re3+ 40.Kg2 Kf8 41.Nd6 Rb3 42.Rf7+ Kg8 43.Re7 Rb2+ 44.Kh3 Bg1 45.Re8+ Kg7 46.Re7+
Kg8 47.Re8+ Kg7 48.Re7+ Kg8 49.Re8+  1/2-1/2

[Event "1. Bundesliga 2017/2018"]
[Site "Maria Enzersdorf"]
[Date "2017.11.18"]
[Round "3"]
[Board "4"]
[White "Henrichs, Thomas"]
[Black "Mesaros, Florian"]
[Result "1-0"]
[WhiteElo "2476"]
[BlackElo "2424"]
[PlyCount "89"]
[EventDate "2017.11.16"]
[EventType "team"]
[EventRounds "11"]
[EventCountry "AUT"]
[WhiteTeam "SK Hohenems"]
[BlackTeam "ASVOE Wulkaprodersdorf"]

1.e4 e5 2.Nf3 Nc6 3.Bb5 a6 4.Ba4 Nf6 5.O-O Be7 6.Re1 b5 7.Bb3 d6 8.c3 O-O 9.h3 Bb7
10.d4 Re8 11.Ng5 Rf8 12.Nf3 Nd7 13.Nbd2 Re8 14.Nf1 exd4 15.cxd4 Na5 16.Bc2 Bf6 17.Rb1
c5 18.d5 Nc4 19.N3h2 a5 20.Ng4 Bd4 21.Ng3 Nde5 22.Nf5 Nxg4 23.hxg4 Bf6 24.a4 g6 25.Nh6+
Kg7 26.Bd3 Bg5 27.f4 Bh4 28.b3 Bxe1 29.Qxe1 Qf6 30.Qg3 Qd4+ 31.Kh2 Kxh6 32.bxc4 bxc4
33.Bc2 c3 34.Be3 Qc4 35.f5+ Kg7 36.f6+ Kh8 37.Rxb7 Qe2 38.Rxf7 Re5 39.Qh3 h5 40.g5
Rd8 41.Bf4 Qxc2 42.Bxe5 Qxe4 43.Bxc3 Qxa4 44.Re7 Rf8 45.Qe3  1-0

[Event "1. Bundesliga 2017/2018"]
[Site "Maria Enzersdorf"]
[Date "2017.11.18"]
[Round "3"]
[Board "5"]
[White "Volkmann, Friedrich Karl"]
[Black "Atlas, Valery"]
[Result "1/2-1/2"]
[WhiteElo "2403"]
[BlackElo "2456"]
[PlyCount "87"]
[EventDate "2017.11.16"]
[EventType "team"]
[EventRounds "11"]
[EventCountry "AUT"]
[WhiteTeam "ASVOE Wulkaprodersdorf"]
[BlackTeam "SK Hohenems"]

1.e4 c5 2.Nf3 e6 3.c4 b6 4.Nc3 Bb7 5.d4 cxd4 6.Nxd4 d6 7.Be2 Nf6 8.f3 Be7 9.O-O O-O
10.Be3 a6 11.Qd2 Qc7 12.Rac1 Nbd7 13.Rfd1 Rac8 14.Bf1 Qb8 15.Kh1 Rfe8 16.Bg1 Bd8 17.b4
Bc7 18.Na4 h5 19.Qf2 Bd8 20.Rc2 g6 21.c5 b5 22.c6 bxa4 23.cxb7 Qxb7 24.Rxc8 Qxc8 25.Qc2
Qxc2 26.Nxc2 a5 27.bxa5 Bxa5 28.Rxd6 Rc8 29.Ne3 Nb6 30.Bf2 Nfd7 31.Kg1 Bb4 32.Rd1
Kf8 33.Bb5 Ke7 34.Kf1 Rc5 35.Bd3 Rc8 36.Ke2 Ne5 37.Ba6 Rc6 38.Rb1 Bc5 39.Bb5 Rc8 40.Rc1
Ned7 41.Bh4+ f6 42.f4 Rb8 43.Bd3 Kf7 44.Be1  1/2-1/2

[Event "1. Bundesliga 2017/2018"]
[Site "Maria Enzersdorf"]
[Date "2017.11.18"]
[Round "3"]
[Board "6"]
[White "Baenziger, Fabian"]
[Black "Wallner, Joachim"]
[Result "1-0"]
[WhiteElo "2365"]
[BlackElo "2311"]
[PlyCount "53"]
[EventDate "2017.11.16"]
[EventType "team"]
[EventRounds "11"]
[EventCountry "AUT"]
[WhiteTeam "SK Hohenems"]
[BlackTeam "ASVOE Wulkaprodersdorf"]

1.Nf3 d5 2.g3 c6 3.Bg2 Nf6 4.O-O Bg4 5.c4 e6 6.cxd5 exd5 7.d3 Be7 8.h3 Bh5 9.Nc3 O-O
10.e4 dxe4 11.dxe4 Na6 12.Qe2 Nc5 13.Rd1 Qc8 14.g4 Bg6 15.Nd4 Re8 16.e5 Bf8 17.f4
Nfd7 18.Nf3 f6 19.f5 Nxe5 20.fxg6 hxg6 21.Nxe5 Rxe5 22.Qc4+ Qe6 23.Qxe6+ Nxe6 24.Kf1
Re8 25.Bd2 g5 26.Re1 Bd6 27.Ne4  1-0

[Event "1. Bundesliga 2017/2018"]
[Site "Maria Enzersdorf"]
[Date "2017.11.18"]
[Round "3"]
[Board "1"]
[White "Lenic, Luka"]
[Black "Studer, Noël"]
[Result "1/2-1/2"]
[WhiteElo "2653"]
[BlackElo "2463"]
[PlyCount "152"]
[EventDate "2017.11.16"]
[EventType "team"]
[EventRounds "11"]
[EventCountry "AUT"]
[WhiteTeam "SV Raika Rapid Feffernitz"]
[BlackTeam "SIR Royal Salzburg"]

1. d4 f5 2. g3 Nf6 3. Bg2 g6 4. Nf3 Bg7 5. O-O O-O 6. c4 d6 7. Nc3 Na6 8. b3 c6
9. Bb2 Rb8 10. d5 Bd7 11. Rc1 Qa5 12. a3 c5 13. Nd2 Nc7 14. a4 a6 15. Ra1 f4
16. Qc1 Ng4 17. Nce4 Bxb2 18. Qxb2 Qb4 19. h3 Nh6 20. g4 Nf7 21. Qc2 Ne5 22.
Nf3 Nxf3+ 23. Bxf3 Ne8 24. Kg2 Ng7 25. Rh1 h6 26. Nxd6 exd6 27. Qxg6 Rbd8 28.
Be4 Qc3 29. Qxh6 Rf6 30. Qh7+ Kf7 31. Bf3 Rg6 32. Be4 Rf6 33. Bf3 Rg6 34. Be4
Rg5 35. Bf3 Re8 36. Rac1 Qf6 37. Qd3 Nf5 38. Kf1 Nh4 39. a5 Rh8 40. Qd2 Rg6 41.
b4 Rgh6 42. Be4 Qe5 43. Qd3 Ng6 44. f3 Qg5 45. Bxg6+ Rxg6 46. bxc5 dxc5 47. Rb1
Bc8 48. Qc3 Rgh6 49. Rb6 Rh4 50. Ke1 Re8 51. e4 fxe3 52. f4 Qe7 53. f5 Qe5 54.
Qxe5 Rxe5 55. Ke2 Re4 56. Rg6 Rxc4 57. Kxe3 Rc3+ 58. Kf4 Rhxh3 59. Re1 c4 60.
Re4 Rhf3+ 61. Kg5 Rfe3 62. Rf6+ Kg7 63. Rg6+ Kf7 64. Rf6+ Kg7 65. Ree6 Bxe6 66.
dxe6 Re4 67. Rf7+ Kg8 68. Rxb7 Rb3 69. Rc7 Rb8 70. Kh5 Rf8 71. Rc6 Kg7 72. Kg5
Kh8 73. Kh5 Kg7 74. Kg5 Kh8 75. Kh5 Kg7 76. Kg5 Kh8  1/2-1/2

[Event "1. Bundesliga 2017/2018"]
[Site "Maria Enzersdorf"]
[Date "2017.11.18"]
[Round "3"]
[Board "2"]
[White "Postny, Evgeny"]
[Black "Danin, Alexandre"]
[Result "1-0"]
[WhiteElo "2575"]
[BlackElo "2540"]
[PlyCount "69"]
[EventDate "2017.11.16"]
[EventType "team"]
[EventRounds "11"]
[EventCountry "AUT"]
[WhiteTeam "SIR Royal Salzburg"]
[BlackTeam "SV Raika Rapid Feffernitz"]

1.d4 d5 2.c4 c6 3.Nf3 Nf6 4.Nc3 dxc4 5.a4 e6 6.e3 c5 7.Bxc4 Nc6 8.O-O cxd4 9.exd4
Be7 10.Qe2 O-O 11.Rd1 Nd5 12.Bd2 Ncb4 13.a5 Bd7 14.Nxd5 Nxd5 15.Ne5 Bc6 16.a6 Nf6
17.b4 Rb8 18.b5 Bd5 19.axb7 Rxb7 20.Nc6 Qd7 21.Rdc1 Bd6 22.Bd3 h6 23.Ne5 Qe7 24.Ra6
Ra8 25.Rca1 Rb6 26.R6a4 Rb7 27.h3 Rc8 28.Ra6 Rbc7 29.Bf4 Rd8 30.Bg3 Rdc8 31.Qe3 Rd8
32.Bh4 Rdc8 33.Bxf6 gxf6 34.Qxh6 f5 35.Ng4  1-0

[Event "1. Bundesliga 2017/2018"]
[Site "Maria Enzersdorf"]
[Date "2017.11.18"]
[Round "3"]
[Board "3"]
[White "Diermair, Andreas"]
[Black "Mons, Leon"]
[Result "1-0"]
[WhiteElo "2514"]
[BlackElo "2542"]
[PlyCount "91"]
[EventDate "2017.11.16"]
[EventType "team"]
[EventRounds "11"]
[EventCountry "AUT"]
[WhiteTeam "SV Raika Rapid Feffernitz"]
[BlackTeam "SIR Royal Salzburg"]

1.d4 Nf6 2.c4 e6 3.Nc3 Bb4 4.e3 O-O 5.Nf3 c5 6.Bd3 d5 7.cxd5 exd5 8.dxc5 Nbd7 9.O-O
Nxc5 10.Ne2 Bg4 11.b3 Nce4 12.a3 Ba5 13.b4 Bc7 14.Bb2 Re8 15.Rc1 Qd6 16.Ng3 h5 17.Bxe4
dxe4 18.Qxd6 Bxd6 19.Nd4 Be5 20.h3 Bd7 21.Rc2 Rac8 22.Rfc1 Rxc2 23.Rxc2 Rc8 24.Rd2
Bxg3 25.fxg3 Nd5 26.Nf5 Bxf5 27.Rxd5 Be6 28.Rxh5 f6 29.Ra5 a6 30.g4 Kf7 31.g5 f5 32.Re5
g6 33.h4 Rd8 34.h5 gxh5 35.g6+ Ke7 36.g7 Kf7 37.Kh2 Rg8 38.b5 a5 39.b6 a4 40.Ra5 Bd7
41.Kg3 Rc8 42.Bd4 Rc2 43.Rd5 Be6 44.Rd8 f4+ 45.exf4 h4+ 46.Kh2  1-0

[Event "1. Bundesliga 2017/2018"]
[Site "Maria Enzersdorf"]
[Date "2017.11.18"]
[Round "3"]
[Board "4"]
[White "Prusikin, Michael"]
[Black "Schreiner, Peter"]
[Result "1/2-1/2"]
[WhiteElo "2514"]
[BlackElo "2465"]
[PlyCount "72"]
[EventDate "2017.11.16"]
[EventType "team"]
[EventRounds "11"]
[EventCountry "AUT"]
[WhiteTeam "SIR Royal Salzburg"]
[BlackTeam "SV Raika Rapid Feffernitz"]

1.Nf3 Nf6 2.c4 c5 3.Nc3 d5 4.cxd5 Nxd5 5.e3 Nc6 6.Bb5 Nxc3 7.bxc3 Bd7 8.O-O e6 9.d4
Be7 10.Rb1 a6 11.Bd3 b5 12.a4 bxa4 13.Ra1 O-O 14.Rxa4 a5 15.h4 g6 16.h5 Bf6 17.Ba3
Nb4 18.Be4 Qe8 19.Rxb4 axb4 20.Bxa8 Qxa8 21.Bb2 Qa2 22.Qd2 cxd4 23.Nxd4 bxc3 24.Qxc3
Rc8 25.Qb4 Qc4 26.Qb7 Qd5 27.Qxd5 exd5 28.hxg6 hxg6 29.Ra1 Rb8 30.Ra7 Rxb2 31.Rxd7
Bxd4 32.exd4 Rb5 33.g4 Kf8 34.g5 Ke8 35.Rd6 Ke7 36.Rf6 Rb4  1/2-1/2

[Event "1. Bundesliga 2017/2018"]
[Site "Maria Enzersdorf"]
[Date "2017.11.18"]
[Round "3"]
[Board "5"]
[White "Sebenik, Matej"]
[Black "Seyb, Alexander"]
[Result "0-1"]
[WhiteElo "2562"]
[BlackElo "2395"]
[PlyCount "78"]
[EventDate "2017.11.16"]
[EventType "team"]
[EventRounds "11"]
[EventCountry "AUT"]
[WhiteTeam "SV Raika Rapid Feffernitz"]
[BlackTeam "SIR Royal Salzburg"]

1.d4 Nf6 2.c4 g6 3.Nf3 Bg7 4.g3 c6 5.Bg2 d5 6.cxd5 cxd5 7.Ne5 Ne4 8.Nc3 Nxc3 9.bxc3
O-O 10.O-O Nc6 11.Nxc6 bxc6 12.Qa4 Qb6 13.Re1 Qa6 14.Qxa6 Bxa6 15.Bf4 Rac8 16.e3 f6
17.g4 Bc4 18.Bf1 Bxf1 19.Kxf1 c5 20.Rab1 e5 21.Bg3 cxd4 22.cxd4 exd4 23.exd4 f5 24.Bd6
Rf7 25.gxf5 Bxd4 26.Be5 Bb6 27.f6 Rd7 28.Rbc1 Rc4 29.Red1 Re4 30.Re1 Kf7 31.Rxe4 dxe4
32.Ke2 Rd5 33.Ba1 Rf5 34.Rd1 Rxf2+ 35.Ke1 Ke6 36.Rd2 Rxd2 37.Kxd2 Bd8 38.Bd4 a6 39.Ke3
Bxf6  0-1

[Event "1. Bundesliga 2017/2018"]
[Site "Maria Enzersdorf"]
[Date "2017.11.18"]
[Round "3"]
[Board "6"]
[White "Hilverda, Alexander"]
[Black "Zorko, Jure"]
[Result "0-1"]
[WhiteElo "2368"]
[BlackElo "2462"]
[PlyCount "92"]
[EventDate "2017.11.16"]
[EventType "team"]
[EventRounds "11"]
[EventCountry "AUT"]
[WhiteTeam "SIR Royal Salzburg"]
[BlackTeam "SV Raika Rapid Feffernitz"]

1.Nf3 d5 2.g3 c6 3.Bg2 Bg4 4.O-O Nf6 5.c4 e6 6.d4 Be7 7.Ne5 Bf5 8.Nc3 O-O 9.Qb3 Qb6
10.c5 Qxb3 11.axb3 Nbd7 12.Bg5 Bd8 13.Bxf6 Nxf6 14.b4 Bc7 15.Nxc6 bxc6 16.Ra6 Rfb8
17.Rxc6 Bd8 18.b5 Ba5 19.Ra1 Bxc3 20.bxc3 Rxb5 21.Rxa7 Rb1+ 22.Bf1 Rab8 23.Kg2 Ne4
24.g4 Bg6 25.Rb6 R8xb6 26.cxb6 h5 27.b7 Kh7 28.gxh5 Bf5 29.e3 Ng5 30.h4 Ne4 31.Ba6
Nd6 32.f3 f6 33.Kg3 Rb6 34.e4 dxe4 35.c4 Rb3 36.c5 Rxf3+ 37.Kh2 Nxb7 38.Bxb7 Rc3 39.c6
e3 40.Kg3 e2+ 41.Kf2 Bg4 42.Ra1 Rf3+ 43.Kg1 Bh3 44.c7 Rf1+ 45.Kh2 Rxa1 46.c8=Q e1=Q  0-1

[Event "1. Bundesliga 2017/2018"]
[Site "Maria Enzersdorf"]
[Date "2017.11.18"]
[Round "3"]
[Board "1"]
[White "Huschenbeth, Niclas"]
[Black "Sutovsky, Emil"]
[Result "1/2-1/2"]
[WhiteElo "2560"]
[BlackElo "2644"]
[PlyCount "93"]
[EventDate "2017.11.16"]
[EventType "team"]
[EventRounds "11"]
[EventCountry "AUT"]
[WhiteTeam "Schachclub Sparkasse Goetzis"]
[BlackTeam "Schachklub Absam"]

1.e4 e5 2.Nf3 Nc6 3.Bb5 a6 4.Ba4 Nf6 5.d3 d6 6.c4 Bg4 7.h3 Bxf3 8.Qxf3 Nd7 9.Be3 Be7
10.O-O O-O 11.Qg3 Nc5 12.Bxc5 dxc5 13.Bxc6 bxc6 14.Nc3 Qd4 15.Qe3 Rfd8 16.Rad1 Qd6
17.Na4 Rd7 18.Rfe1 Rad8 19.Qc1 Qd4 20.Qc2 f5 21.exf5 e4 22.Qc3 Kf8 23.b3 exd3 24.Qxd4
Rxd4 25.Re6 Rf4 26.Rxc6 Rxf5 27.Rxc7 d2 28.Nb6 Rd4 29.Rd7 Bd6 30.Nd5 Be5 31.g4 Rf3
32.Kg2 Rfd3 33.Ra7 Re4 34.Ne3 Bd4 35.Rd7 Rf4 36.Rd5 g6 37.Kg3 Rf7 38.g5 Ke7 39.Kg2
a5 40.Kg3 Rf8 41.Kg2 Rf4 42.Kg3 Rf8 43.Kg2 Ke6 44.Kg3 Rf7 45.Kg2 Rf8 46.Kg3 Be5+ 47.Kg2  1/2-1/2

[Event "1. Bundesliga 2017/2018"]
[Site "Maria Enzersdorf"]
[Date "2017.11.18"]
[Round "3"]
[Board "2"]
[White "Luther, Thomas"]
[Black "Georgiadis, Nico"]
[Result "1/2-1/2"]
[WhiteElo "2524"]
[BlackElo "2534"]
[PlyCount "78"]
[EventDate "2017.11.16"]
[EventType "team"]
[EventRounds "11"]
[EventCountry "AUT"]
[WhiteTeam "Schachklub Absam"]
[BlackTeam "Schachclub Sparkasse Goetzis"]

1.d4 Nf6 2.Nf3 g6 3.e3 Bg7 4.Be2 O-O 5.O-O d6 6.b3 e5 7.dxe5 Ng4 8.Bb2 Nxe5 9.Nxe5
dxe5 10.Qxd8 Rxd8 11.Na3 a6 12.Rfd1 Re8 13.Nb1 Nd7 14.Nc3 Nf6 15.Nd5 Nxd5 16.Rxd5
Bf5 17.c4 Be6 18.Rd2 Rad8 19.Rad1 Rxd2 20.Rxd2 e4 21.Bxg7 Kxg7 22.h4 f5 23.b4 Kf6
24.c5 c6 25.Rd6 Ke7 26.a3 Rd8 27.Rxd8 Kxd8 28.f3 Bd5 29.fxe4 Bxe4 30.Bc4 Ke7 31.Kf2
Kf6 32.g3 h6 33.Ke2 g5 34.hxg5+ hxg5 35.Kd2 Ke5 36.Bb3 Bd5 37.Bc2 Be4 38.Bb3 Bd5 39.Bc2
Be4  1/2-1/2

[Event "1. Bundesliga 2017/2018"]
[Site "Maria Enzersdorf"]
[Date "2017.11.18"]
[Round "3"]
[Board "3"]
[White "Krassowizkij, Jaroslaw"]
[Black "Dizdar, Goran"]
[Result "1/2-1/2"]
[WhiteElo "2442"]
[BlackElo "2488"]
[PlyCount "82"]
[EventDate "2017.11.16"]
[EventType "team"]
[EventRounds "11"]
[EventCountry "AUT"]
[WhiteTeam "Schachclub Sparkasse Goetzis"]
[BlackTeam "Schachklub Absam"]

1.d4 e6 2.c4 Nf6 3.Nc3 Bb4 4.e3 O-O 5.Bd3 d5 6.Nf3 c5 7.O-O Nc6 8.cxd5 exd5 9.dxc5
Bxc5 10.h3 Qe7 11.b3 Rd8 12.Ne2 Ne5 13.Nxe5 Qxe5 14.Rb1 Bd6 15.Ng3 Ne4 16.Bb2 Qe7
17.Nh5 Be5 18.Bxe5 Qxe5 19.Bxe4 Qxe4 20.Rc1 Bd7 21.Ng3 Qb4 22.Re1 Qa5 23.Qd4 Be6 24.a4
Rac8 25.Red1 Rc6 26.Nh5 f6 27.Nf4 Bf7 28.Nd3 Rdc8 29.Rxc6 Rxc6 30.b4 Qb6 31.Qxb6 Rxb6
32.b5 a6 33.Rc1 g5 34.Rc5 axb5 35.a5 Rd6 36.Nb4 d4 37.exd4 Rxd4 38.Rxb5 Rd7 39.Rb6
Kg7 40.Nc2 Rd1+ 41.Kh2 Rd5  1/2-1/2

[Event "1. Bundesliga 2017/2018"]
[Site "Maria Enzersdorf"]
[Date "2017.11.18"]
[Round "3"]
[Board "4"]
[White "Bayer, Bernhard"]
[Black "Kessler, Luca"]
[Result "1/2-1/2"]
[WhiteElo "2425"]
[BlackElo "2416"]
[PlyCount "66"]
[EventDate "2017.11.16"]
[EventType "team"]
[EventRounds "11"]
[EventCountry "AUT"]
[WhiteTeam "Schachklub Absam"]
[BlackTeam "Schachclub Sparkasse Goetzis"]

1.Nf3 Nf6 2.d4 g6 3.g3 Bg7 4.Bg2 O-O 5.O-O d6 6.b3 Nc6 7.Bb2 e5 8.dxe5 Ng4 9.c4 Ngxe5
10.Nxe5 Nxe5 11.Nc3 Rb8 12.Qd2 Be6 13.Rac1 a6 14.Nd5 Re8 15.Rfd1 Qc8 16.c5 dxc5 17.Qf4
Bxd5 18.Bxd5 Re7 19.Rxc5 Nf3+ 20.Bxf3 Bxb2 21.Bg4 Qf8 22.Rd2 Bg7 23.e3 c6 24.Rcc2
Rd8 25.Qb4 f5 26.Be2 Red7 27.Bc4+ Kh8 28.Rxd7 Rxd7 29.Qxf8+ Bxf8 30.Be6 Re7 31.Bc8
Rc7 32.Be6 Re7 33.Bc8 Rc7  1/2-1/2

[Event "1. Bundesliga 2017/2018"]
[Site "Maria Enzersdorf"]
[Date "2017.11.18"]
[Round "3"]
[Board "5"]
[White "Kvetny, Mark"]
[Black "Lehner, Oliver"]
[Result "1/2-1/2"]
[WhiteElo "2403"]
[BlackElo "2402"]
[PlyCount "120"]
[EventDate "2017.11.16"]
[EventType "team"]
[EventRounds "11"]
[EventCountry "AUT"]
[WhiteTeam "Schachclub Sparkasse Goetzis"]
[BlackTeam "Schachklub Absam"]

1.c4 g6 2.Nf3 Bg7 3.d4 Nf6 4.Nc3 O-O 5.e4 d6 6.Be2 e5 7.O-O Na6 8.Be3 c6 9.d5 Ng4
10.Bg5 f6 11.Bh4 c5 12.Ne1 h5 13.a3 Bd7 14.Nc2 Qe7 15.f3 Nh6 16.Bd3 g5 17.Be1 f5 18.exf5
Nxf5 19.Ne4 Rf7 20.b4 Raf8 21.Bd2 Bh6 22.bxc5 Nxc5 23.Nxc5 dxc5 24.Qe2 Qf6 25.Rae1
Bg7 26.Qe4 Bh8 27.Bc3 Re7 28.g3 b6 29.Kh1 Qh6 30.Ne3 Nd4 31.f4 g4 32.fxe5 Rxf1+ 33.Nxf1
Rxe5 34.Qg2 Rxe1 35.Bxe1 Nf3 36.Qe2 Kf8 37.Bd2 Nxd2 38.Nxd2 Qf6 39.Kg2 h4 40.gxh4
Qxh4 41.Qe3 Qh3+ 42.Qxh3 gxh3+ 43.Kf2 Bd4+ 44.Ke2 Bb2 45.a4 Bxa4 46.Bf5 a5 47.Kd3
Bd1 48.Ne4 a4 49.d6 a3 50.Nc3 Bb3 51.Nd5 a2 52.d7 Bf6 53.Nxf6 Ke7 54.Ng8+ Kd8 55.Nh6
a1=Q 56.Nf7+ Ke7 57.d8=Q+ Kxf7 58.Qd7+ Kf8 59.Qd8+ Kf7 60.Qd7+ Kf8  1/2-1/2

[Event "1. Bundesliga 2017/2018"]
[Site "Maria Enzersdorf"]
[Date "2017.11.18"]
[Round "3"]
[Board "6"]
[White "Deglmann, Ludwig"]
[Black "Anistratov, Dmitrij"]
[Result "1/2-1/2"]
[WhiteElo "2278"]
[BlackElo "2291"]
[PlyCount "79"]
[EventDate "2017.11.16"]
[EventType "team"]
[EventRounds "11"]
[EventCountry "AUT"]
[WhiteTeam "Schachklub Absam"]
[BlackTeam "Schachclub Sparkasse Goetzis"]

1.d4 d6 2.e4 Nf6 3.f3 Nbd7 4.c4 c6 5.Nc3 e5 6.d5 Be7 7.Bd3 O-O 8.Nge2 Ne8 9.g4 Bg5
10.Bxg5 Qxg5 11.Qd2 Qh4+ 12.Ng3 Nc5 13.Bc2 a5 14.O-O-O g6 15.Na4 Nxa4 16.Bxa4 cxd5
17.Bxe8 Rxe8 18.cxd5 Bd7 19.Kb1 Rec8 20.Rc1 Bb5 21.Rc3 b6 22.Rhc1 Rc5 23.b3 Kg7 24.Kb2
h6 25.R1c2 Qf6 26.a4 Bd7 27.Ne2 Rxc3 28.Rxc3 b5 29.Rc7 Be8 30.axb5 Bxb5 31.Nc3 Be8
32.Qe3 Qh4 33.Ka3 Qxh2 34.Qb6 Qd2 35.Qxd6 Qc1+ 36.Ka2 Qc2+ 37.Ka3 Qc1+ 38.Ka2 Qc2+
39.Ka3 Qc1+ 40.Ka2  1/2-1/2

[Event "1. Bundesliga 2017/2018"]
[Site "Maria Enzersdorf"]
[Date "2017.11.19"]
[Round "4"]
[Board "1"]
[White "Banusz, Tamas"]
[Black "Sutovsky, Emil"]
[Result "1-0"]
[WhiteElo "2617"]
[BlackElo "2644"]
[PlyCount "113"]
[EventDate "2017.11.16"]
[EventType "team"]
[EventRounds "11"]
[EventCountry "AUT"]
[WhiteTeam "mpimmo Wien - SK Ottakring"]
[BlackTeam "Schachklub Absam"]

1.Nf3 Nf6 2.c4 g6 3.Nc3 d5 4.cxd5 Nxd5 5.Qb3 Nb6 6.d4 Bg7 7.Bf4 Be6 8.Qa3 c5 9.Qxc5
Nc6 10.e4 Nxd4 11.Nxd4 Bxd4 12.Bb5+ Kf8 13.Qa3 a6 14.Be2 Nd7 15.O-O Qb6 16.Bh6+ Bg7
17.Be3 Qd6 18.Qxd6 exd6 19.Rfd1 Ke7 20.Bd4 Bxd4 21.Rxd4 Rhc8 22.Rad1 Rc6 23.f4 f6
24.Bf3 Rb6 25.R1d2 Rc8 26.Kf2 Rc4 27.Rxc4 Bxc4 28.h4 Nc5 29.Ke3 Bf7 30.g3 a5 31.Bd1
Rb4 32.a3 Rb6 33.h5 g5 34.h6 Ra6 35.Bg4 gxf4+ 36.gxf4 Ra8 37.Bf5 Rg8 38.Kf2 Bg6 39.b4
axb4 40.axb4 Na6 41.Nd5+ Kf7 42.Rc2 Bxf5 43.exf5 Rg4 44.Rc8 Nxb4 45.Kf3 Nxd5 46.Kxg4
Ne3+ 47.Kh5 Nxf5 48.Rh8 Ng3+ 49.Kg4 Ne4 50.f5 Ng5 51.Rb8 d5 52.Rxb7+ Ke8 53.Rb5 Kd7
54.Rxd5+ Kc7 55.Ra5 Kb7 56.Ra1 Nf7 57.Kh5 1-0

[Event "1. Bundesliga 2017/2018"]
[Site "Maria Enzersdorf"]
[Date "2017.11.19"]
[Round "4"]
[Board "2"]
[White "Luther, Thomas"]
[Black "Papp, Gabor"]
[Result "0-1"]
[WhiteElo "2524"]
[BlackElo "2614"]
[PlyCount "44"]
[EventDate "2017.11.16"]
[EventType "team"]
[EventRounds "11"]
[EventCountry "AUT"]
[WhiteTeam "Schachklub Absam"]
[BlackTeam "mpimmo Wien - SK Ottakring"]

1.d4 Nf6 2.Nf3 e6 3.e3 b6 4.Bd3 Bb7 5.O-O d5 6.Qe2 Bd6 7.c4 Nbd7 8.Nc3 Ne4 9.Nb5 Be7
10.Qc2 c5 11.cxd5 exd5 12.dxc5 bxc5 13.Rd1 f5 14.Nc3 O-O 15.Nxe4 fxe4 16.Bxe4 dxe4
17.Qb3+ c4 18.Qxb7 Nc5 19.Rxd8 Raxd8 20.Qb4 Rd1+ 21.Ne1 Nd3 22.Bd2 Rxe1+ 0-1

[Event "1. Bundesliga 2017/2018"]
[Site "Maria Enzersdorf"]
[Date "2017.11.19"]
[Round "4"]
[Board "3"]
[White "Stohl, Igor"]
[Black "Dizdar, Goran"]
[Result "1/2-1/2"]
[WhiteElo "2497"]
[BlackElo "2488"]
[PlyCount "63"]
[EventDate "2017.11.16"]
[EventType "team"]
[EventRounds "11"]
[EventCountry "AUT"]
[WhiteTeam "mpimmo Wien - SK Ottakring"]
[BlackTeam "Schachklub Absam"]

1.c4 e6 2.g3 d5 3.Bg2 dxc4 4.Qa4+ Nd7 5.Qxc4 c5 6.b3 Ngf6 7.Bb2 Bd6 8.Nf3 O-O 9.O-O
a6 10.d3 b5 11.Qc2 Bb7 12.Nbd2 Rc8 13.Rac1 Rc7 14.Qb1 Qa8 15.Rfd1 Rfc8 16.Qa1 h6 17.Bc3
Re8 18.Ne4 Be7 19.Nxf6+ Bxf6 20.Bxf6 Nxf6 21.Rc2 Rec8 22.Rdc1 Nd7 23.a4 Qb8 24.axb5
axb5 25.Ne5 Nxe5 26.Qxe5 Bxg2 27.Kxg2 Qa8+ 28.e4 Qa3 29.d4 Qxb3 30.Rxc5 Rxc5 31.Rxc5
Rxc5 32.dxc5 1/2-1/2

[Event "1. Bundesliga 2017/2018"]
[Site "Maria Enzersdorf"]
[Date "2017.11.19"]
[Round "4"]
[Board "4"]
[White "Bayer, Bernhard"]
[Black "Fauland, Alexander"]
[Result "1-0"]
[WhiteElo "2425"]
[BlackElo "2419"]
[PlyCount "83"]
[EventDate "2017.11.16"]
[EventType "team"]
[EventRounds "11"]
[EventCountry "AUT"]
[WhiteTeam "Schachklub Absam"]
[BlackTeam "mpimmo Wien - SK Ottakring"]

1.Nf3 Nf6 2.d4 e6 3.c4 Bb4+ 4.Bd2 Qe7 5.g3 Ne4 6.a3 Nxd2 7.Nbxd2 Bxd2+ 8.Qxd2 O-O
9.Bg2 d6 10.O-O c6 11.Qc3 Nd7 12.e4 e5 13.b4 Re8 14.h3 b6 15.Nh4 g6 16.f4 f6 17.dxe5
dxe5 18.f5 g5 19.Nf3 c5 20.b5 Bb7 21.Ne1 Red8 22.Nc2 Nf8 23.Ne3 Rd4 24.Nd5 Qd6 25.Rfd1
Nd7 26.a4 Bxd5 27.cxd5 a6 28.Kh2 Qb8 29.bxa6 Rxa6 30.Bf1 Raxa4 31.Bb5 Rxa1 32.Rxa1
Nf8 33.Qf3 c4 34.h4 Qc7 35.hxg5 fxg5 36.f6 Rd2+ 37.Kh1 c3 38.Rf1 Ng6 39.f7+ Kf8 40.Qh5
Qxf7 41.Rxf7+ Kxf7 42.Qf3+ 1-0

[Event "1. Bundesliga 2017/2018"]
[Site "Maria Enzersdorf"]
[Date "2017.11.19"]
[Round "4"]
[Board "5"]
[White "Neubauer, Martin"]
[Black "Lehner, Oliver"]
[Result "1-0"]
[WhiteElo "2439"]
[BlackElo "2402"]
[PlyCount "69"]
[EventDate "2017.11.16"]
[EventType "team"]
[EventRounds "11"]
[EventCountry "AUT"]
[WhiteTeam "mpimmo Wien - SK Ottakring"]
[BlackTeam "Schachklub Absam"]

1.e4 d6 2.d4 Nf6 3.Nc3 g6 4.Be2 Bg7 5.h4 h5 6.Nh3 c6 7.Ng5 O-O 8.O-O Nbd7 9.Be3 b5
10.f3 Nb6 11.b3 b4 12.Nb1 Nfd7 13.a3 bxa3 14.Rxa3 e5 15.d5 cxd5 16.exd5 a5 17.c4 Nc5
18.Nc3 f5 19.Qe1 Bd7 20.Nb5 Qb8 21.Rxa5 Nxb3 22.Rxa8 Nxa8 23.Qb4 Nc5 24.Bxc5 dxc5
25.Qxc5 Nb6 26.Nc7 Na4 27.Qd6 Rd8 28.Qxg6 Qxc7 29.Qf7+ Kh8 30.Qxh5+ Kg8 31.Qf7+ Kh8
32.Ne6 Qa7+ 33.Kh1 Bh6 34.Qf6+ Kh7 35.Qxf5+ 1-0